[Event "77. Campeonato Brasileiro 2010 - Final"]
[Site "Americana BRA"]
[Date "2010.12.07"]
[Round "10.2"]
[White "Gonzalez, Bolivar Ribeiro"]
[Black "El Debs, Felipe De Cresce"]
[Result "1-0"]
[WhiteElo "2277"]
[BlackElo "2502"]
[PlyCount "79"]
[EventDate "2010.11.29"]
[EventType "tourn"]
[EventRounds "11"]
[EventCountry "BRA"]
[EventCategory "10"]
[Source "lmi"]
[SourceDate "2010.11.29"]

1. d4 Nf6 2. c4 g6 3. Nc3 d5 4. cxd5 Nxd5 5. Na4 Bg7 6. e4 Nb4 7. a3 N4c6 8. d5
Nd4 9. Be3 e5 10. Ne2 Qf6 11. f4 Nxe2 12. Bxe2 exf4 13. O-O g5 14. g3 Bh3 15.
Rf2 Qg6 16. Bc5 Nd7 17. Bh5 Qh6 18. g4 b5 19. Rf3 bxa4 20. Qxa4 c6 21. Bb4 Bd4+
22. Kh1 c5 23. Rxh3 Qd6 24. Bc3 Bxc3 25. Rxc3 O-O 26. Qc6 Qe7 27. Re1 Rab8 28.
e5 Nxe5 29. d6 Qf6 30. Qxc5 Nd7 31. Qc7 Rxb2 32. Rd3 Ra2 33. Qxd7 Qb2 34. Bxf7+
Rxf7 35. Qd8+ Rf8 36. Qxg5+ Kh8 37. Qe5+ Qxe5 38. Rxe5 Rb8 39. Rd1 Rbb2 40. d7
1-0

[Event "77. Campeonato Brasileiro 2010 - Final"]
[Site "Americana BRA"]
[Date "2010.12.07"]
[Round "10.3"]
[White "Fier, Alexandr"]
[Black "Matsuura, Everaldo"]
[Result "0-1"]
[WhiteElo "2572"]
[BlackElo "2490"]
[PlyCount "86"]
[EventDate "2010.11.29"]
[EventType "tourn"]
[EventRounds "11"]
[EventCountry "BRA"]
[EventCategory "10"]
[Source "lmi"]
[SourceDate "2010.11.29"]

1. e4 c5 2. Nf3 Nc6 3. d4 cxd4 4. Nxd4 g6 5. Nc3 Bg7 6. Be3 Nf6 7. Bc4 O-O 8.
Bb3 d6 9. f3 Bd7 10. h4 a5 11. a4 Nxd4 12. Bxd4 Be6 13. Bxe6 fxe6 14. Qd2 Rc8
15. O-O-O Rc4 16. Qd3 Qc8 17. Ne2 Rxa4 18. b3 Rb4 19. Bc3 Qc5 20. Nd4 Rc8 21.
Bxb4 Qxb4 22. Kb1 Nh5 23. Qb5 Nf4 24. Qxb4 axb4 25. g3 Nh5 26. Rhg1 Kf7 27. Ne2
Ra8 28. Kc1 Bh6+ 29. f4 e5 30. Rdf1 exf4 31. g4 Kg8 32. g5 Bg7 33. Kd2 Be5 34.
Rf3 Kf7 35. Rd3 Ke6 36. Nd4+ Kd7 37. Ke2 Rc8 38. Kf3 Bxd4 39. Rxd4 Rc3+ 40. Kg4
Rxc2 41. Rxb4 Rc3 42. Rxb7+ Ke6 43. b4 f3 0-1

[Event "77. Campeonato Brasileiro 2010 - Final"]
[Site "Americana BRA"]
[Date "2010.12.07"]
[Round "10.4"]
[White "Shumyatsky, Victor"]
[Black "Milos, Gilberto"]
[Result "1/2-1/2"]
[WhiteElo "2352"]
[BlackElo "2596"]
[PlyCount "153"]
[EventDate "2010.11.29"]
[EventType "tourn"]
[EventRounds "11"]
[EventCountry "BRA"]
[EventCategory "10"]
[Source "lmi"]
[SourceDate "2010.11.29"]

1. e4 c5 2. Nf3 d6 3. d4 cxd4 4. Nxd4 Nf6 5. Nc3 a6 6. Be2 e6 7. O-O Be7 8. f4
O-O 9. a4 Qc7 10. Be3 b6 11. Bf3 Bb7 12. g4 Nc6 13. Nb3 Nd7 14. g5 Nb4 15. Rf2
Rfe8 16. Rd2 Bf8 17. Qf1 Nc5 18. Qf2 Rac8 19. Rad1 Qb8 20. Bg2 Ba8 21. Kh1 g6
22. Bd4 Nxc2 23. Rxc2 Nxb3 24. Bxb6 Rc4 25. a5 Bg7 26. Re2 Bxc3 27. bxc3 Rxc3
28. Re3 Qc8 29. Rxc3 Qxc3 30. Qf3 Qb2 31. Qd3 Nc5 32. Bxc5 dxc5 33. Qxa6 e5 34.
fxe5 Qxe5 35. Qf6 Qc7 36. Qb6 Qf4 37. Qf6 Qc7 38. Qb6 Qc8 39. a6 c4 40. a7 c3
41. Rc1 c2 42. Qf2 Qd7 43. Qxc2 Qxa7 44. Rf1 Qe7 45. Qc4 Bxe4 46. Bxe4 Qxe4+
47. Qxe4 Rxe4 48. h3 Re2 49. Rf4 Kg7 50. Kg1 Re5 51. h4 Re2 52. Kf1 Ra2 53. Kg1
Ra7 54. Kg2 h6 55. Rb4 Ra5 56. Rg4 Re5 57. Kf3 Kf8 58. Rg1 Ra5 59. Kg4 Ra4+ 60.
Kg3 Ra3+ 61. Kh2 hxg5 62. hxg5 Re3 63. Ra1 Re5 64. Rg1 Ke7 65. Kh3 Ke6 66. Kg4
Re4+ 67. Kg3 Re5 68. Kf4 Re2 69. Ra1 Rf2+ 70. Kg4 Ke5 71. Ra5+ Ke4 72. Ra4+ Ke3
73. Ra3+ Ke2 74. Ra2+ Kf1 75. Rxf2+ Kxf2 76. Kf4 Kg2 77. Kg4 1/2-1/2

[Event "77. Campeonato Brasileiro 2010 - Final"]
[Site "Americana BRA"]
[Date "2010.12.07"]
[Round "10.5"]
[White "Vescovi, Giovanni"]
[Black "Jatoba De Oliveira Reis, Paulo"]
[Result "1-0"]
[WhiteElo "2622"]
[BlackElo "2378"]
[PlyCount "107"]
[EventDate "2010.11.29"]
[EventType "tourn"]
[EventRounds "11"]
[EventCountry "BRA"]
[EventCategory "10"]
[Source "lmi"]
[SourceDate "2010.11.29"]

1. d4 e6 2. c4 Nf6 3. Nf3 Bb4+ 4. Bd2 Qe7 5. g3 Nc6 6. Bg2 Bxd2+ 7. Nbxd2 O-O
8. O-O d6 9. e4 e5 10. d5 Nb8 11. Ne1 a5 12. Nc2 Na6 13. Ne3 Nc5 14. b3 c6 15.
a3 Bd7 16. Qe2 Rfc8 17. Rfc1 g6 18. Nd1 cxd5 19. cxd5 b5 20. b4 axb4 21. axb4
Na4 22. Nb3 Qd8 23. Na5 Qb6 24. Qe3 Qxe3 25. Nxe3 Nc3 26. Rc2 Ncxe4 27. Rac1
Ng5 28. h4 Nh3+ 29. Kh2 Nxf2 30. Rxf2 Rxc1 31. Rxf6 Ra6 32. Nb7 Ra3 33. Nf1 Ra2
34. Kg1 Rcc2 35. Be4 Re2 36. Nxd6 Bg4 37. Bh1 Ra6 38. Ne4 Ra1 39. Nf2 Bd7 40.
Rd6 Bf5 41. g4 Ree1 42. Bg2 e4 43. gxf5 e3 44. Ng4 gxf5 45. Nh6+ Kf8 46. Nxf5
Ke8 47. Ng7+ Kf8 48. Nf5 Ke8 49. N5xe3 Rxe3 50. Rb6 Rb3 51. Rxb5 Rab1 52. d6
Rxb4 53. Bc6+ Kf8 54. d7 1-0

[Event "77. Campeonato Brasileiro 2010 - Final"]
[Site "Americana BRA"]
[Date "2010.12.08"]
[Round "11.1"]
[White "Di Berardino, Diego Rafael"]
[Black "Leitao, Rafael"]
[Result "1/2-1/2"]
[WhiteElo "2491"]
[BlackElo "2626"]
[PlyCount "38"]
[EventDate "2010.11.29"]
[EventType "tourn"]
[EventRounds "11"]
[EventCountry "BRA"]
[EventCategory "10"]
[Source "lmi"]
[SourceDate "2010.11.29"]

1. d4 d5 2. c4 c6 3. Nc3 dxc4 4. e3 b5 5. a4 b4 6. Ne4 Qd5 7. Nd2 Ba6 8. Qc2
Nf6 9. Nxc4 Nbd7 10. Nf3 c5 11. b3 cxd4 12. Nxd4 Rc8 13. Bb2 e6 14. Nb5 Bxb5
15. axb5 Bc5 16. Bd3 O-O 17. O-O Qh5 18. Be2 Qg5 19. g3 Nd5 1/2-1/2

[Event "77. Campeonato Brasileiro 2010 - Final"]
[Site "Americana BRA"]
[Date "2010.12.08"]
[Round "11.2"]
[White "Jatoba De Oliveira Reis, Paulo"]
[Black "Mekhitarian, Krikor Sevag"]
[Result "1/2-1/2"]
[WhiteElo "2378"]
[BlackElo "2525"]
[PlyCount "26"]
[EventDate "2010.11.29"]
[EventType "tourn"]
[EventRounds "11"]
[EventCountry "BRA"]
[EventCategory "10"]
[Source "lmi"]
[SourceDate "2010.11.29"]

1. g3 c5 2. Bg2 Nc6 3. c4 g6 4. Nc3 Bg7 5. Nf3 e5 6. O-O d6 7. a3 a5 8. d3 Nge7
9. Bd2 O-O 10. Rb1 Rb8 11. Qa4 b6 12. Rfc1 Bd7 13. Qd1 h6 1/2-1/2

[Event "77. Campeonato Brasileiro 2010 - Final"]
[Site "Americana BRA"]
[Date "2010.12.08"]
[Round "11.5"]
[White "El Debs, Felipe De Cresce"]
[Black "Fier, Alexandr"]
[Result "1/2-1/2"]
[WhiteElo "2502"]
[BlackElo "2572"]
[PlyCount "58"]
[EventDate "2010.11.29"]
[EventType "tourn"]
[EventRounds "11"]
[EventCountry "BRA"]
[EventCategory "10"]
[Source "lmi"]
[SourceDate "2010.11.29"]

1. Nf3 Nf6 2. c4 e6 3. g3 d5 4. d4 dxc4 5. Qa4+ Nbd7 6. Bg2 a6 7. Qxc4 b5 8.
Qc6 Rb8 9. Bf4 Nd5 10. Bg5 Be7 11. Bxe7 Qxe7 12. O-O Bb7 13. Qc2 c5 14. dxc5
Nxc5 15. Nbd2 O-O 16. Rac1 Rbc8 17. Qb1 Rfd8 18. Rfd1 Nf6 19. Ne5 Bxg2 20. Kxg2
Qb7+ 21. Ndf3 Rxd1 22. Rxd1 Na4 23. Rc1 h6 24. Rc2 Rc5 25. Nd3 Rxc2 26. Qxc2
Ne4 27. Kg1 Nb6 28. Nfe5 Nd5 29. Qc6 Qxc6 1/2-1/2

[Event "77. Campeonato Brasileiro 2010 - Final"]
[Site "Americana BRA"]
[Date "2010.12.08"]
[Round "11.6"]
[White "Barreto Filho, Carlos Alberto"]
[Black "Gonzalez, Bolivar Ribeiro"]
[Result "1/2-1/2"]
[WhiteElo "2350"]
[BlackElo "2277"]
[PlyCount "24"]
[EventDate "2010.11.29"]
[EventType "tourn"]
[EventRounds "11"]
[EventCountry "BRA"]
[EventCategory "10"]
[Source "lmi"]
[SourceDate "2010.11.29"]

1. e4 c5 2. Nf3 Nc6 3. d4 cxd4 4. Nxd4 Nf6 5. Nc3 e5 6. Ndb5 d6 7. Bg5 a6 8.
Na3 b5 9. Nd5 Qa5+ 10. Bd2 Qd8 11. c4 bxc4 12. Nxc4 Nxe4 1/2-1/2